Možnosti získania konukrenčnej výhody v oblasti kvality

Získavanie konkurenčnej výhody cez kvalitu je založené na fungujúcom systéme manažérstva kvality a využívaní štatistických metód rozhodovania v celom procesnom systéme organizácie pri tvorbe a realizácii svojich hmotných a nehmotných produktov. Procesný prístup manažérstva kvality. Štatistické metód...

Ausführliche Beschreibung

Gespeichert in:
Bibliographische Detailangaben
1. Verfasser: Mlákay, Jozef
Format: Buchkapitel
Sprache:Slowakisch
Schlagworte:
Tags: Tag hinzufügen
Keine Tags, Fügen Sie das erste Tag hinzu!

MARC

LEADER 00000naa$a2200000$$$4500
001 0047214
005 20240502071539.3
041 0 |a slo 
044 |a SK 
245 1 0 |a Možnosti získania konukrenčnej výhody v oblasti kvality  |c Jozef Mlákay 
520 |a Získavanie konkurenčnej výhody cez kvalitu je založené na fungujúcom systéme manažérstva kvality a využívaní štatistických metód rozhodovania v celom procesnom systéme organizácie pri tvorbe a realizácii svojich hmotných a nehmotných produktov. Procesný prístup manažérstva kvality. Štatistické metódy rozhodvania v oblasti kvality. 
610 2 0 |a výhody konkurenčné 
610 2 0 |a kvalita 
610 2 0 |a riadenie kvality 
610 2 0 |a metódy štatistické 
610 2 0 |a rozhodovanie manažérske 
610 2 0 |a riadenie procesné 
100 1 |a Mlákay, Jozef